000 00294nam a22001217a 4500
008 170918b xxu||||| |||| 00| 0 eng d
041 _aeng
080 _a7
100 _a44
101 _aART
245 _aWARRIORS WARFARE AND THE NATIVE AMERICAN INDIAN
_cHUNT.N.B
942 _2udc
_cBK
999 _c27858
_d27858